Manual de organización de la unidad de educación en ciencia y tecnología del mar. (Record no. 138797)

MARC details
000 -CABECERA
campo de control de longitud fija 00638nam a2200181 a 4500
005 - FECHA Y HORA DE LA ÚLTIMA TRANSACCIÓN
campo de control 20210219160504.0
008 - ELEMENTOS DE LONGITUD FIJA--INFORMACIÓN GENERAL
campo de control de longitud fija 081109s2000 mx r 000 0 spa d
035 ## - NÚMERO DE CONTROL DEL SISTEMA
Número de control de sistema UPN01000166686
049 ## - COLECCIÓN
Colección UNE
080 ## - NÚMERO DE CLASIFICACIÓN DECIMAL UNIVERSAL
Número de la Clasificación Decimal Universal OC 352.32: 337 (72) "1990" MAN.
245 00 - MENCIÓN DE TÍTULO
Título Manual de organización de la unidad de educación en ciencia y tecnología del mar.
260 ## - PUBLICACIÓN, DISTRIBUCIÓN, ETC.
Lugar de publicación, distribución, etc. México : SEP, 1990.
300 ## - DESCRIPCIÓN FÍSICA
Extensión 42 p.
440 #0 - MENCIÓN DE SERIE/ASIENTO SECUNDARIO--TÍTULO
Título México. Secretaría de Educación Pública. Unidad de Educació
690 ## - PUNTO DE ACCESO ADICIONAL DE MATERIA LOCAL--TÉRMINO DE MATERIA (OCLC, RLIN)
Término de materia o nombre geográfico como elemento inicial Enseñanza tecnica- Organizacion administrativa
690 ## - PUNTO DE ACCESO ADICIONAL DE MATERIA LOCAL--TÉRMINO DE MATERIA (OCLC, RLIN)
Término de materia o nombre geográfico como elemento inicial Mexico- Enseñanza tecnica- Organizacion administrativa
905 ## - TIPO DE MATERIAL
Tipo de material UNESCO

No items available.